| 000 | 00756nam a22002777a 4500 | ||
|---|---|---|---|
| 001 | BR2015002857 | ||
| 003 | BR-BrBNA | ||
| 005 | 20230928104630.0 | ||
| 007 | ta | ||
| 008 | 230509b bl.||||| |||| 00| 0 por d | ||
| 040 |
_aBR-BrBNA _bpor _cBiblioteca Nacional de Agricultura |
||
| 041 | _a(Eng, Por) | ||
| 072 | _aE71; E14 | ||
| 090 | _ E71 BR2015002857 | ||
| 100 | 1 | _aAzevedo, M.N.F. | |
| 110 | 1 | _aFundação Alexandre Gusmão, Brasília, DF (Brasil) | |
| 245 | 1 | _aA OMC e a reforma agrícola | |
| 260 | 3 |
_aBrasília, DF (Brasil): _c2007. |
|
| 300 | _a350 p. | ||
| 500 | _aBibliography p. 219-233 | ||
| 650 | _aCOMÉRCIO | ||
| 650 | _aAGRICULTURA | ||
| 650 | _aCOMÉRCIO EXTERIOR | ||
| 909 |
_a202309 _bLucia _c55 _dLucia Elande |
||
| 942 | _cBK | ||
| 999 |
_c80940 _d80940 |
||